| 000 | 00457nam a22001337a 4500 | ||
|---|---|---|---|
| 020 | _a0-393-02909-3 | ||
| 082 | _a355.0 NOR'F | ||
| 100 |
_aFUSSELL, PAUL _967170 |
||
| 245 | _aTHE NORTON BOOK OF MODERN WAR | ||
| 260 |
_aNEWYORK _bW. W. NORTO _c1991 |
||
| 300 | _a830P | ||
| 650 |
_aENGLISH LITERATURE TRANSLATION FROM FOREIGN LANGUAGES LITERATURE MODERN TRANSLATION INTO ENGLISH LIBERATURE MODERN 20TH CENTURY WAR LITERARY COLLECTIONS _967171 |
||
| 942 | _cBK | ||
| 999 |
_c575009 _d575009 |
||